BIBLIOTECA

SENCICO

Diseño de jardines y restauración del paisaje / (Registro nro. 5045)

Detalles MARC
000 -LEADER
fixed length control field 01836nam a22003017a 4500
003 - CONTROL NUMBER IDENTIFIER
control field PE SENCICO BE
005 - DATE AND TIME OF LATEST TRANSACTION
control field 20251020182710.0
008 - FIXED-LENGTH DATA ELEMENTS--GENERAL INFORMATION
fixed length control field 250108b |||||||| |||| 00| 0 eng d
020 ## - INTERNATIONAL STANDARD BOOK NUMBER
International Standard Book Number 978-84-9077-490-8
040 ## - CATALOGING SOURCE
Original cataloging agency PE SENCICO BE
Transcribing agency PE SENCICO BE
041 ## - LANGUAGE CODE
Language code of text/sound track or separate title spa
082 ## - DEWEY DECIMAL CLASSIFICATION NUMBER
Classification number 712
Item number M63
100 1# - MAIN ENTRY--PERSONAL NAME
9 (RLIN) 2790
Personal name Miralles Bellver, Lourdes
Relator term autor
245 1# - TITLE STATEMENT
Title Diseño de jardines y restauración del paisaje /
Statement of responsibility, etc. Lourdes Miralles Bellver, Jaime Enseñat Ferrer
250 ## - EDITION STATEMENT
Edition statement [1a ed.]
260 ## - PUBLICATION, DISTRIBUTION, ETC.
Place of publication, distribution, etc. Madrid :
Name of publisher, distributor, etc. Síntesis ;
Date of publication, distribution, etc. [2017]
300 ## - PHYSICAL DESCRIPTION
Extent 246 p. :
Other physical details il. col. ;
Dimensions 26 cm.
505 0# - FORMATTED CONTENTS NOTE
Formatted contents note Factores que intervienen en los trabajos de ajardinamiento y restauración del paisaje -- Proceso de diseño -- El proyecto en jardinería y paisajismo -- Elementos no vegetales del jardín -- Elementos vegetales del jardín -- Instalación de un jardín de exterior -- El jardín ecológico -- Restauración del paisaje -- Instalación de un jardín de interior -- Maquinaria en los trabajos de jardinería y restauración del paisaje
520 3# - SUMMARY, ETC.
Summary, etc. Se abordan los aspectos relativos al diseño y a la ejecución de cualquier intervención paisajista (ajardinamiento de exteriores, de interiores y proyectos de restauración del paisaje), definiendo los factores que afectan a este tipo de actuaciones y el porqué, y describiendo tanto los procedimientos de trabajo como los recursos humanos y materiales necesarios para hacerlo de forma que se garantice la calidad, la seguridad de las personas y la protección medioambiental.
650 10 - SUBJECT ADDED ENTRY--TOPICAL TERM
9 (RLIN) 1412
Topical term or geographic name entry element Jardinería paisajística
650 20 - SUBJECT ADDED ENTRY--TOPICAL TERM
Topical term or geographic name entry element Arquitectura paisajista
9 (RLIN) 1409
650 20 - SUBJECT ADDED ENTRY--TOPICAL TERM
9 (RLIN) 64
Topical term or geographic name entry element Jardines
650 20 - SUBJECT ADDED ENTRY--TOPICAL TERM
9 (RLIN) 1410
Topical term or geographic name entry element Estructuras de jardines
650 20 - SUBJECT ADDED ENTRY--TOPICAL TERM
9 (RLIN) 762
Topical term or geographic name entry element Diseño urbano
700 1# - ADDED ENTRY--PERSONAL NAME
9 (RLIN) 2791
Personal name Enseñat Ferrer, Jaime
Relator term autor
910 ## - USER-OPTION DATA (OCLC)
User-option data hfp
-- hfp
-- hfp
942 ## - ADDED ENTRY ELEMENTS (KOHA)
Source of classification or shelving scheme Dewey Decimal Classification
Koha item type Libros
Existencias
Fecha de la última vez que lo usaron Pago total Signatura topográfica completa Código de barras Precio efectivo desde Tipo de documento Estado perdido Sistema de clasificación Estado dañado No es para préstamo Retirado Ubicación permanente Ubicación actual Fecha de adquisición Fuente de adquisición
08/01/2025   712/M63 BibLima25010012 08/01/2025 Libros   Dewey Decimal Classification       Biblioteca Central Lima Biblioteca Central Lima 18/11/2024 Comprado de la librería Megabook